Los frutos ácidos
Պահպանված է:
| Հիմնական հեղինակ: | |
|---|---|
| Ձևաչափ: | Գիրք |
| Լեզու: | իսպաներեն |
| Հրապարակվել է: |
Buenos Aires
Losada
1946
|
| Խորագրեր: | |
| Ցուցիչներ: |
Ավելացրեք ցուցիչ
Չկան պիտակներ, Եղեք առաջինը, ով նշում է այս գրառումը!
|
MARC
| LEADER | 00000nam a2200000 a 4500 | ||
|---|---|---|---|
| 001 | UCT7397 | ||
| 003 | CL-VaPUC | ||
| 008 | 970117e19460000AG |||||||||||||||||spa|d | ||
| 082 | 0 | 4 | |a Cu863 |b HER |2 21 |
| 100 | |a Hernández Catá, Alfonso |e author |9 378343 | ||
| 245 | 1 | 4 | |a Los frutos ácidos |
| 300 | |a 203 p | ||
| 942 | |c BK | ||
| 945 | |d 19970117 00:00:00 |a nastorga | ||
| 260 | |a Buenos Aires |b Losada |c 1946 | ||
| 650 | 0 | |a Novelas cubanas |9 268276 | |
| 583 | |a last modification |c 19970117 00:00:00 |k Rodrigo Vera | ||
| 999 | |c 256022 |d 256020 | ||
| 952 | |0 0 |1 0 |4 0 |6 CU_863_000000000000000_HER_1946 |7 0 |8 A |9 278543 |a BIBEDU |b BIBEDU |d 2019-11-19 |i 3272370 |o Cu863 HER 1946 |p 3272370 |r 2019-11-19 |w 2019-11-19 |y BK |k LIT | ||
| 952 | |0 0 |1 0 |4 0 |6 CU_863_000000000000000_HER_1946 |7 0 |8 A |9 278544 |a BIBEDU |b BIBEDU |d 2019-11-19 |i 3295168 |o Cu863 HER 1946 |p 3295168 |r 2019-11-19 |w 2019-11-19 |y BK |k LIT | ||